| 000 -ლიდერი |
| ფიქსირებული სიგრძის საკონტროლო ველი |
01416nam a2200241Ia 4500 |
| 001 - საკონტროლო ნომერი |
| საკონტროლო ველი |
3506 |
| 003 - საკონტროლო ნომრის იდენტიფიკატორი |
| საკონტროლო ველი |
GE_BSU |
| 005 - ბოლო ოპერაციის თარიღი და დრო |
| საკონტროლო ველი |
20190618190429.0 |
| 008 - ფიქსირებული სიგრძის მონაცემთა ელემენტები - ზოგადი ინფორმაცია |
| ფიქსირებული სიგრძის საკონტროლო ველი |
181216s2009||||ge |||||||||||||| ||geo|| |
| 020 ## - წიგნის საერთაშორისო სტანდარტული ნომერი |
| International Standard Book Number |
9789941016622 |
| 040 ## - კატალოგიზაციის წყარო |
| Transcribing agency |
GE_BSU |
| 041 ## - ენის კოდი |
| Language code of text/sound track or separate title |
geo |
| 080 ## - უნივერსალური ათობითი კლასიფიკაციის ინდექსი |
| Universal Decimal Classification number |
371.277.2 ტ–50 |
| 245 ## - ცნობა სათაურის შესახებ |
| Title |
ტესტური დავალებების შექმნის ხელოვნება : |
| Remainder of title |
დამხმ. სახელმძღვ. სკოლის მასწავლებლებისათვის / |
| Statement of responsibility, etc |
ეროვნ. სასწ. გეგმებისა და შეფასების ცენტრი ; [სამეცნ. რედ.: შორენა საძაგლიშვილი [და სხვ. |
| 300 ## - ფიზიკური აღწერა |
| Extent |
169 გვ. ; |
| Other physical details |
25 სმ. |
| 653 ## - INDEX TERM--UNCONTROLLED |
| Uncontrolled term |
ტესტების შედგენა |
| 700 ## - ADDED ENTRY--PERSONAL NAME |
| Personal name |
საძაგლიშვილი, შორენა |
| Relator term |
რედაქტორი |
| 9 (RLIN) |
2583 |
| 700 ## - ADDED ENTRY--PERSONAL NAME |
| Personal name |
წერეთელი, მზია |
| Relator term |
რედაქტორი |
| 9 (RLIN) |
2584 |
| 700 ## - ADDED ENTRY--PERSONAL NAME |
| Personal name |
ბერძენიშვილი, თეა |
| Relator term |
რედაქტორი |
| 9 (RLIN) |
2585 |
| 700 ## - ADDED ENTRY--PERSONAL NAME |
| Personal name |
ჩხეიძე, თინათინ |
| Relator term |
მთარგმნელი |
| 9 (RLIN) |
2586 |
| 710 ## - ADDED ENTRY--CORPORATE NAME |
| Corporate name or jurisdiction name as entry element |
ეროვნ. სასწ. გეგმებისა და შეფასების ცენტრი |
| 9 (RLIN) |
2587 |
| 942 ## - ADDED ENTRY ELEMENTS (KOHA) |
| Koha item type |
წიგნი |
| Source of classification or shelving scheme |
|